000
00255nam a2200109Ia 4500
008
190216s9999||||xx |||||||||||||| ||und||
100
_a
Surendran K
245
0
_a
Biksham Dehi
260
_b
Nbs Kottayam
650
_a
Malayalam Novel-Malayalam
942
_c
BK
999
_c
25970
_d
25970